[Event "44th Chess Olympiad Women 2022"]
[Site "Chennai"]
[Date "2022.08.03"]
[Round "6.27"]
[White "Koljevic, Nikolina"]
[Black "Campos, Maria Jose"]
[Result "1/2-1/2"]
[WhiteElo "2014"]
[BlackElo "2185"]
[Annotator "TA"]
[PlyCount "169"]
[EventDate "2022.07.29"]
[EventType "team-tourn"]
[EventCountry "IND"]
[SourceTitle "playchess.com"]
[Source "ChessBase"]
[SourceQuality "1"]
[WhiteTeam "Montenegro"]
[BlackTeam "Argentina"]
[WhiteTeamCountry "MNE"]
[BlackTeamCountry "ARG"]

1. e4 e5 2. Nc3 Nf6 3. Nf3 Nc6 4. Bb5 Bd6 5. d4 Nxd4 6. Nxd4 exd4 7. Qxd4 O-O 8. Bg5 Re8 9. f4 h6 10. Bxf6 Qxf6 11. Qxf6 gxf6 12. O-O c6 13. Bd3 Bc5+ 14. Kh1 Bd4 15. Ne2 Bxb2 16. Rab1 Ba3 17. Ng3 b6 18. Nh5 Be7 19. Rf3 Kh8 20. e5 d5 21. exd6 Bxd6 22. Nxf6 Re6 23. Ne4 Bf8 24. f5 Re5 25. Nd2 Bd7 26. Nc4 Ree8 27. Rd1 c5 28. Ne3 Bc6 29. Rh3 Rad8 30. Be2 Rd4 31. Kg1 Ba4 32. Kf2 Bg7 33. Bf3 Kg8 34. f6 Bxf6 35. Nf5 Bxc2 36. Nxd4 Bxd1 37. Bxd1 Bxd4+ 38. Kf1 Kg7 39. Rg3+ Kf8 40. Be2 Re4 41. Bd3 Rh4 42. h3 Rf4+ 43. Rf3 Rxf3+ 44. gxf3 Ke7 45. Ke2 Kd6 46. Bc4 f6 47. f4 Bb2 48. a4 Bc1 49. Kf3 h5 50. Ke4 Bd2 51. f5 Be1 52. Be2 Bf2 53. Bb5 c4 54. Bxc4 Kc5 55. Kd3 Kb4 56. Bb5 h4 57. Kc2 Kc5 58. Kb3 Kd4 59. Be2 Be1 60. Bf3 a6 61. Be2 Ke3 62. Bg4 Kd3 63. Bf3 Ba5 64. Bg4 Ke4 65. Kc4 Be1 66. Kb3 Bf2 67. Kc4 Ke3 68. Kb3 Kd3 69. Bf3 Bg3 70. Bg4 Bd6 71. Bf3 Kd4 72. Bg4 Bf8 73. Bf3 Kc5 74. Be2 Kd5 75. Bg4 a5 76. Be2 Kc5 77. Bf3 Bh6 78. Be2 Bd2 79. Bf3 Bb4 80. Be2 Kd4 81. Bf3 Kd3 82. Bg4 Ke3 83. Kc4 Bc5 84. Kb5 Kd3 85. Bf3 1/2-1/2

[Event "44th Chess Olympiad Women 2022"]
[Site "Chennai"]
[Date "2022.08.03"]
[Round "6.28"]
[White "Caxita, Esperanca"]
[Black "Atalik, Ekaterina"]
[Result "0-1"]
[WhiteElo "1955"]
[BlackElo "2422"]
[Annotator "TA"]
[PlyCount "132"]
[EventDate "2022.07.29"]
[EventType "team-tourn"]
[EventCountry "IND"]
[SourceTitle "playchess.com"]
[Source "ChessBase"]
[SourceQuality "1"]
[WhiteTeam "Angola"]
[BlackTeam "Turkey"]
[WhiteTeamCountry "ANG"]
[BlackTeamCountry "TUR"]

1. e4 e5 2. Nf3 Nc6 3. Bc4 Nf6 4. d3 h6 5. c3 d6 6. Nbd2 g6 7. Nf1 Bg7 8. Bd2 O-O 9. Qc1 Kh7 10. Ne3 Ne7 11. h3 d5 12. exd5 Nfxd5 13. Ng4 Nf5 14. Bxd5 Qxd5 15. Bxh6 Qxd3 16. Ng5+ Kg8 17. Bxg7 Kxg7 18. Qd2 Qxd2+ 19. Kxd2 Nd6 20. Ne3 f6 21. Nf3 b6 22. Rhd1 Bb7 23. Ke2 Rad8 24. Rac1 Kf7 25. Rc2 Ne4 26. Rcc1 Nc5 27. b3 Bxf3+ 28. Kxf3 Nd3 29. Rc2 f5 30. g3 Ke6 31. Ke2 e4 32. f3 f4 33. fxe4 fxg3 34. Rf1 Nf4+ 35. Ke1 Nxh3 36. Rxf8 Rxf8 37. Rg2 Rf3 38. Ke2 Rf2+ 39. Rxf2 gxf2 40. Ng4 a5 41. a3 Kd6 42. Kf1 Ng5 43. e5+ Ke6 44. Kxf2 Kf5 45. Nh6+ Kxe5 46. Ke3 Ne6 47. b4 a4 48. c4 g5 49. Ng4+ Kf5 50. Nh6+ Kg6 51. Ng4 Kh5 52. Nf6+ Kh4 53. Ke4 g4 54. Nd5 g3 55. Ne3 Kh3 56. Kd5 Nd8 57. c5 bxc5 58. Kxc5 Ne6+ 59. Kd5 Nf4+ 60. Kc6 Nd3 61. b5 Ne5+ 62. Kd5 Ng4 63. Nxg4 Kxg4 64. Kc6 g2 65. Kxc7 g1=Q 66. b6 Qc5+ 0-1

[Event "44th Chess Olympiad Women 2022"]
[Site "Chennai"]
[Date "2022.08.03"]
[Round "6.29"]
[White "Zaksaite, Salomeja"]
[Black "Shuqja, Klean"]
[Result "1/2-1/2"]
[WhiteElo "2212"]
[BlackElo "1883"]
[Annotator "TA"]
[PlyCount "115"]
[EventDate "2022.07.29"]
[EventType "team-tourn"]
[EventCountry "IND"]
[SourceTitle "playchess.com"]
[Source "ChessBase"]
[SourceQuality "1"]
[WhiteTeam "Lithuania"]
[BlackTeam "Albania"]
[WhiteTeamCountry "LTU"]
[BlackTeamCountry "ALB"]

1. e4 d5 2. exd5 Qxd5 3. Nc3 Qd8 4. d4 Nf6 5. Nf3 Bg4 6. h3 Bxf3 7. Qxf3 c6 8. Be3 e6 9. O-O-O Bb4 10. Ne4 Nxe4 11. Qxe4 Qd5 12. Qxd5 cxd5 13. h4 h5 14. Be2 Nd7 15. f3 Be7 16. Kb1 Rc8 17. Rd3 f6 18. Rb3 Rc7 19. Bf2 Bd6 20. Re1 Kf7 21. Bf1 Rhc8 22. Re2 Nb6 23. Rbe3 Nc4 24. Rxe6 Nd2+ 25. Rxd2 Kxe6 26. g3 Kf7 27. f4 g5 28. fxg5 fxg5 29. Bg2 Re8 30. Bxd5+ Kf6 31. c4 Rce7 32. c5 Re2 33. Kc2 Rxd2+ 34. Kxd2 Bxc5 35. hxg5+ Kxg5 36. Bxb7 Bd6 37. Bf3 Bb4+ 38. Kd3 Be1 39. Be3+ Kg6 40. Bf4 Kf5 41. Bxh5 Rh8 42. Be2 Bxg3 43. Bd2 Bf4 44. Bc3 Rh3+ 45. Kc4 Ke4 46. a4 Bc7 47. Bg4 Rh6 48. Bd7 Rd6 49. Bb5 a6 50. Be8 Re6 51. Bd7 Rd6 52. Bc8 Rc6+ 53. Kb3 Rb6+ 54. Kc2 a5 55. Bd7 Rd6 56. Bh3 Rxd4 57. Bg2+ Ke3 58. Bxd4+ 1/2-1/2

[Event "44th Chess Olympiad Women 2022"]
[Site "Chennai"]
[Date "2022.08.03"]
[Round "6.30"]
[White "Nazarova, Anastasia"]
[Black "Stojkovska, Monika"]
[Result "1/2-1/2"]
[WhiteElo "2208"]
[BlackElo "2091"]
[Annotator "TA"]
[PlyCount "91"]
[EventDate "2022.07.29"]
[EventType "team-tourn"]
[EventCountry "IND"]
[SourceTitle "playchess.com"]
[Source "ChessBase"]
[SourceQuality "1"]
[WhiteTeam "Finland"]
[BlackTeam "Macedonia"]
[WhiteTeamCountry "FIN"]
[BlackTeamCountry "MKD"]

1. e4 e6 2. d4 d5 3. Nd2 c5 4. exd5 Qxd5 5. Ngf3 cxd4 6. Bc4 Qd7 7. O-O Nc6 8. Nb3 a6 9. Nbxd4 Nxd4 10. Nxd4 Qc7 11. Bb3 Bd6 12. h3 Ne7 13. c3 O-O 14. Qh5 Ng6 15. Bc2 Qc5 16. Qxc5 Bxc5 17. Nb3 Bb6 18. a4 Bd7 19. Be4 Bc6 20. Bxc6 bxc6 21. Re1 Rab8 22. Nd2 Nf4 23. Nc4 Nd3 24. Re2 Rfd8 25. Bg5 f6 26. Bh4 Kf7 27. Bg3 e5 28. Kf1 Bc7 29. f3 Nc5 30. Bf2 Nb3 31. Rae1 Na5 32. Nxa5 Bxa5 33. b4 Bc7 34. Re4 Rd6 35. Rc4 Bb6 36. Bxb6 Rxb6 37. Ke2 Ke6 38. Rd1 Rb8 39. Rc5 Rxd1 40. Kxd1 Kd6 41. Ra5 Ra8 42. g4 Kc7 43. g5 Kb6 44. Ke2 Rd8 45. gxf6 gxf6 46. Rc5 1/2-1/2

[Event "44th Chess Olympiad Women 2022"]
[Site "Chennai"]
[Date "2022.08.03"]
[Round "6.30"]
[White "Manova, Ivana"]
[Black "Paasikangas, Johanna"]
[Result "1-0"]
[WhiteElo "1849"]
[BlackElo "2155"]
[Annotator "TA"]
[PlyCount "79"]
[EventDate "2022.07.29"]
[EventType "team-tourn"]
[EventCountry "IND"]
[SourceTitle "playchess.com"]
[Source "ChessBase"]
[SourceQuality "1"]
[WhiteTeam "Macedonia"]
[BlackTeam "Finland"]
[WhiteTeamCountry "MKD"]
[BlackTeamCountry "FIN"]

1. e4 c5 2. Nf3 Nc6 3. Bb5 g6 4. O-O Bg7 5. Re1 e5 6. d3 Nge7 7. Be3 Nd4 8. Bxd4 cxd4 9. c3 dxc3 10. Nxc3 O-O 11. d4 exd4 12. Nxd4 Qb6 13. e5 a6 14. Na4 Qa5 15. b4 Qd8 16. Bf1 b5 17. Nc5 d6 18. exd6 Qxd6 19. Nf3 Qc7 20. Rc1 Qa7 21. Qd6 Nf5 22. Qc6 Nd4 23. Nxd4 Bxd4 24. Qd6 Bxc5 25. Rxc5 Qd7 26. Qf6 Qg4 27. Re7 Be6 28. Rg5 Qe4 29. Re5 Qxb4 30. R5xe6 Rac8 31. Re1 a5 32. g3 Qa4 33. Qb2 b4 34. Qb3 Qc6 35. Bg2 Qc5 36. Bd5 Rc7 37. Bxf7+ Kg7 38. Rxc7 Qxc7 39. Bd5 Qc5 40. Qb2+ 1-0

[Event "44th Chess Olympiad Women 2022"]
[Site "Chennai"]
[Date "2022.08.03"]
[Round "6.31"]
[White "Cooke, Suzie G."]
[Black "Omonova, Umida"]
[Result "0-1"]
[WhiteElo "1936"]
[BlackElo "2195"]
[Annotator "TA"]
[PlyCount "118"]
[EventDate "2022.07.29"]
[EventType "team-tourn"]
[EventCountry "IND"]
[SourceTitle "playchess.com"]
[Source "ChessBase"]
[SourceQuality "1"]
[WhiteTeam "Scotland"]
[BlackTeam "Uzbekistan"]
[WhiteTeamCountry "SCO"]
[BlackTeamCountry "UZB"]

1. d4 d5 2. Bf4 Nf6 3. e3 c5 4. Nf3 Nc6 5. Nbd2 Bf5 6. c3 e6 7. Qb3 Qc8 8. Ne5 Nxe5 9. Bxe5 c4 10. Qd1 Be7 11. Be2 Nd7 12. Bg3 b5 13. a3 O-O 14. O-O a5 15. Re1 Qc6 16. Bf3 Nf6 17. Bh4 Rfe8 18. Bxf6 Bxf6 19. e4 Bg6 20. exd5 exd5 21. Nf1 Bg5 22. g3 Rxe1 23. Qxe1 Re8 24. Qd1 Bd3 25. b4 a4 26. h4 Bh6 27. Nh2 f5 28. Bg2 Re2 29. Nf3 Qe6 30. Ne5 Bd2 31. Bf1 Bxc3 32. Nxd3 Rd2 33. Qc1 Rxd3 34. Ra2 Bxd4 35. Bxd3 cxd3 36. Rd2 Bb6 37. Qd1 f4 38. Rxd3 fxg3 39. Rxg3 g6 40. Qf3 d4 41. Rg4 d3 42. Rf4 Qd6 43. Rf6 Qd8 44. Rxb6 Qxb6 45. Qxd3 Qc6 46. Qd8+ Kf7 47. Qg5 Qc4 48. h5 Qd3 49. Qf4+ Ke6 50. h6 Qf5 51. Qe3+ Kf6 52. f4 Qd5 53. Qc3+ Kf5 54. Qg7 Qd1+ 55. Kg2 Qe2+ 56. Kg1 Kg4 57. Qxh7 Kh3 58. Qd7+ Kg3 59. Qd4 Qg2# 0-1

[Event "44th Chess Olympiad Women 2022"]
[Site "Chennai"]
[Date "2022.08.03"]
[Round "6.32"]
[White "Kanyamarala, Trisha"]
[Black "Mouradian, Knarik"]
[Result "1/2-1/2"]
[WhiteElo "2270"]
[BlackElo "2121"]
[Annotator "TA"]
[PlyCount "53"]
[EventDate "2022.07.29"]
[EventType "team-tourn"]
[EventCountry "IND"]
[SourceTitle "playchess.com"]
[Source "ChessBase"]
[SourceQuality "1"]
[WhiteTeam "Ireland"]
[BlackTeam "Lebanon"]
[WhiteTeamCountry "IRL"]
[BlackTeamCountry "LBN"]

1. d4 d5 2. c4 c6 3. Nf3 Nf6 4. Qb3 e6 5. Bg5 dxc4 6. Qxc4 Qa5+ 7. Bd2 Qc7 8. Nc3 Nbd7 9. e4 Be7 10. Bd3 e5 11. dxe5 Nxe5 12. Nxe5 Qxe5 13. Qb3 O-O 14. Qc2 Bc5 15. h3 Rd8 16. Be2 Nh5 17. O-O-O Be6 18. Bxh5 Qxh5 19. g4 Qh4 20. f4 Bd4 21. Kb1 Bc4 22. Be1 Qe7 23. e5 Bd5 24. Rf1 Bc4 25. Rh1 Bd5 26. Rf1 Bc4 27. Rh1 1/2-1/2

[Event "44th Chess Olympiad Women 2022"]
[Site "Chennai"]
[Date "2022.08.03"]
[Round "6.36"]
[White "Ouellet, Maili-Jade"]
[Black "Quevedo, Andreina"]
[Result "1-0"]
[WhiteElo "2239"]
[BlackElo "1841"]
[Annotator "TA"]
[PlyCount "101"]
[EventDate "2022.07.29"]
[EventType "team-tourn"]
[EventCountry "IND"]
[SourceTitle "playchess.com"]
[Source "ChessBase"]
[SourceQuality "1"]
[WhiteTeam "Canada"]
[BlackTeam "Uruguay"]
[WhiteTeamCountry "CAN"]
[BlackTeamCountry "URU"]

1. d4 Nf6 2. c4 e6 3. Nf3 Bb4+ 4. Bd2 Qe7 5. g3 O-O 6. Bg2 Nc6 7. O-O a5 8. Nc3 d6 9. Rc1 e5 10. d5 Nb8 11. Bg5 Bxc3 12. Rxc3 h6 13. Bxf6 Qxf6 14. c5 Na6 15. cxd6 cxd6 16. Nd2 Nc5 17. f4 Bg4 18. h3 Bd7 19. fxe5 Qxe5 20. Nc4 Qe7 21. Re3 Qg5 22. Qd4 Rae8 23. Rff3 Qg6 24. Qf4 Ne4 25. Rf1 f5 26. Nxa5 Bc8 27. Qh4 Nd2 28. Rxe8 Rxe8 29. Re1 Ne4 30. Kh2 Qf7 31. Rd1 Kh7 32. Qf4 Qf6 33. Nc4 g5 34. Qf3 b5 35. Nb6 Bb7 36. Qb3 Ba6 37. Qa3 Nc5 38. b4 Na4 39. Nxa4 bxa4 40. Qxa4 Bxe2 41. Qxe8 Bxd1 42. Qe1 Ba4 43. Qe2 Kg7 44. b5 f4 45. Bf3 fxg3+ 46. Kxg3 Qf4+ 47. Kg2 Qf6 48. b6 Qd8 49. Qb2+ Kg8 50. b7 Qb8 51. Qb6 1-0

[Event "44th Chess Olympiad Women 2022"]
[Site "Chennai"]
[Date "2022.08.03"]
[Round "6.37"]
[White "Gomez Barrera, Javiera Belen"]
[Black "Zairbek kyzy, Begimai"]
[Result "1-0"]
[WhiteElo "2210"]
[BlackElo "1949"]
[Annotator "TA"]
[PlyCount "77"]
[EventDate "2022.07.29"]
[EventType "team-tourn"]
[EventCountry "IND"]
[SourceTitle "playchess.com"]
[Source "ChessBase"]
[SourceQuality "1"]
[WhiteTeam "Chile"]
[BlackTeam "Kyrgyzstan"]
[WhiteTeamCountry "CHI"]
[BlackTeamCountry "KGZ"]

1. e4 c6 2. d4 d5 3. e5 c5 4. dxc5 e6 5. Bd3 Bxc5 6. Qg4 Ne7 7. b4 Bb6 8. Nf3 Ng6 9. h4 Nc6 10. h5 Nge7 11. Qxg7 Rg8 12. Qxh7 Qc7 13. Bf4 Nxb4 14. O-O Bd7 15. Bg5 Nbc6 16. Bf6 Bd4 17. Nxd4 Nxd4 18. Nd2 Bb5 19. Bxb5+ Nxb5 20. h6 Rf8 21. Bg7 O-O-O 22. Bxf8 Rxf8 23. Qg7 Qd8 24. Qf6 Rh8 25. Nf3 Nf5 26. Qxd8+ Kxd8 27. Ng5 Nxh6 28. Rfb1 Nc7 29. Rxb7 Kd7 30. Rab1 Rg8 31. Nf3 Nf5 32. R1b3 Ne7 33. Nd4 Nc6 34. Rc3 Kc8 35. Rxc7+ Kxc7 36. Rxc6+ Kb7 37. Rd6 Rg4 38. c3 Re4 39. Rd7+ 1-0

[Event "44th Chess Olympiad Women 2022"]
[Site "Chennai"]
[Date "2022.08.05"]
[Round "7.1"]
[White "Harika, Dronavalli"]
[Black "Balajayeva, Khanim"]
[Result "1/2-1/2"]
[WhiteElo "2517"]
[BlackElo "2344"]
[Annotator "TA"]
[PlyCount "119"]
[EventDate "2022.07.29"]
[EventType "team-tourn"]
[EventCountry "IND"]
[SourceTitle "playchess.com"]
[Source "ChessBase"]
[SourceQuality "1"]
[WhiteTeam "India"]
[BlackTeam "Azerbaijan"]
[WhiteTeamCountry "IND"]
[BlackTeamCountry "AZE"]

1. d4 d5 2. c4 dxc4 3. Nf3 Nf6 4. e3 e6 5. Bxc4 c5 6. O-O a6 7. Be2 Nbd7 8. b3 b6 9. Ne5 Bb7 10. Bf3 Nd5 11. Nxd7 Qxd7 12. Bb2 Rd8 13. Nd2 cxd4 14. Bxd4 Bb4 15. Nc4 b5 16. Nb6 Nxb6 17. Bxb6 Bxf3 18. Qxf3 Rc8 19. Bd4 Bc3 20. Rad1 Bxd4 21. Rxd4 Qc6 22. Rfd1 O-O 23. Qxc6 Rxc6 24. Rd6 Rxd6 25. Rxd6 Ra8 26. Rb6 Kf8 27. Kf1 Ke7 28. Ke2 Ra7 29. a4 bxa4 30. bxa4 h5 31. h4 g6 32. Kf3 Kf6 33. Kf4 Rc7 34. Rxa6 Rc2 35. Kg3 Ra2 36. Ra7 Kg7 37. a5 Kf6 38. a6 Kg7 39. Kf3 Kf6 40. Ra8 Kg7 41. e4 e5 42. g3 Kf6 43. Ke3 Ra3+ 44. Kd2 Ra2+ 45. Kc3 Rxf2 46. Rc8 Ra2 47. Rc6+ Kg7 48. Kb3 Ra1 49. Kb4 f5 50. exf5 gxf5 51. Kb5 f4 52. gxf4 exf4 53. Rc4 f3 54. Rf4 Rb1+ 55. Kc6 Ra1 56. Kb7 Rb1+ 57. Kc7 Ra1 58. Kb7 Rb1+ 59. Kc7 Ra1 60. Kb7 1/2-1/2

[Event "44th Chess Olympiad Women 2022"]
[Site "Chennai"]
[Date "2022.08.05"]
[Round "7.1"]
[White "Mammadzada, Gunay"]
[Black "Koneru, Humpy"]
[Result "1-0"]
[WhiteElo "2455"]
[BlackElo "2586"]
[Annotator "TA"]
[PlyCount "89"]
[EventDate "2022.07.29"]
[EventType "team-tourn"]
[EventCountry "IND"]
[SourceTitle "playchess.com"]
[Source "ChessBase"]
[SourceQuality "1"]
[WhiteTeam "Azerbaijan"]
[BlackTeam "India"]
[WhiteTeamCountry "AZE"]
[BlackTeamCountry "IND"]

1. d4 Nf6 2. c4 e6 3. Nf3 d5 4. g3 Bb4+ 5. Bd2 a5 6. Bg2 O-O 7. Qc2 c5 8. dxc5 d4 9. Bxb4 axb4 10. Nbd2 Nc6 11. Ng5 e5 12. h4 h6 13. Nge4 Ne8 14. Qb3 Be6 15. g4 Bxg4 16. Qg3 Be6 17. Rg1 f5 18. Nd6 Qf6 19. Bd5 Nd8 20. Nxe8 Rxe8 21. Qb3 e4 22. O-O-O Nc6 23. Rg3 d3 24. e3 Rac8 25. Rdg1 Rc7 26. Rg6 Qe5 27. Bxc6 bxc6 28. Qxb4 Rce7 29. Nb1 Kh7 30. Qc3 Qc7 31. Nd2 Rf8 32. f4 exf3 33. Nxf3 f4 34. e4 Rd8 35. Nd4 d2+ 36. Kd1 Rxd4 37. Qxd4 h5 38. Qd6 Bg4+ 39. R6xg4 hxg4 40. Qxc7 Rxc7 41. Rxg4 Rb7 42. b3 Ra7 43. Rxf4 Rxa2 44. e5 Ra3 45. Rf3 1-0

[Event "44th Chess Olympiad Women 2022"]
[Site "Chennai"]
[Date "2022.08.05"]
[Round "7.1"]
[White "Tania, Sachdev"]
[Black "Fataliyeva, Ulviyya"]
[Result "1-0"]
[WhiteElo "2399"]
[BlackElo "2372"]
[Annotator "TA"]
[PlyCount "125"]
[EventDate "2022.07.29"]
[EventType "team-tourn"]
[EventCountry "IND"]
[SourceTitle "playchess.com"]
[Source "ChessBase"]
[SourceQuality "1"]
[WhiteTeam "India"]
[BlackTeam "Azerbaijan"]
[WhiteTeamCountry "IND"]
[BlackTeamCountry "AZE"]

1. d4 d5 2. c4 c6 3. Nf3 Nf6 4. Nc3 a6 5. e3 e6 6. Bd3 dxc4 7. Bxc4 c5 8. O-O b5 9. Bd3 Bb7 10. a3 Nbd7 11. Qe2 Qb6 12. Bc2 Rc8 13. Rd1 Be7 14. dxc5 Bxc5 15. h3 Qc7 16. e4 Nf8 17. e5 N6d7 18. Be4 Ng6 19. Bxb7 Qxb7 20. Ne4 O-O 21. b4 Be7 22. Nd6 Bxd6 23. exd6 Rc4 24. Be3 Rfc8 25. Rac1 h6 26. Rxc4 Rxc4 27. Nd2 Nh4 28. f3 Rc2 29. Qd3 Qc6 30. Bc5 Ra2 31. Qb3 Qd5 32. Qxd5 exd5 33. Kf2 a5 34. g3 Ng6 35. f4 a4 36. Ke3 Rxa3+ 37. Kd4 Nf6 38. Nf1 Nf8 39. f5 N8d7 40. Ne3 Nb8 41. Bb6 Nbd7 42. Nxd5 Nxd5 43. Kxd5 Nxb6+ 44. Kc6 Nc4 45. d7 Ne5+ 46. Kxb5 Nxd7 47. Rxd7 Ra1 48. Rd8+ Kh7 49. Ka5 g6 50. b5 gxf5 51. b6 Rb1 52. Rd3 Kg6 53. Ra3 Kf6 54. Ka6 Ke5 55. Rxa4 Kd5 56. b7 Kc6 57. Rc4+ Kd7 58. Rc5 Ra1+ 59. Ra5 Rxa5+ 60. Kxa5 Kc7 61. Ka6 Kb8 62. Kb6 h5 63. h4 1-0

[Event "44th Chess Olympiad Women 2022"]
[Site "Chennai"]
[Date "2022.08.05"]
[Round "7.2"]
[White "Javakhishvili, Lela"]
[Black "Ciolacu, Alessia-Mihaela"]
[Result "1-0"]
[WhiteElo "2476"]
[BlackElo "2163"]
[Annotator "TA"]
[PlyCount "183"]
[EventDate "2022.07.29"]
[EventType "team-tourn"]
[EventCountry "IND"]
[SourceTitle "playchess.com"]
[Source "ChessBase"]
[SourceQuality "1"]
[WhiteTeam "Georgia"]
[BlackTeam "Romania"]
[WhiteTeamCountry "GEO"]
[BlackTeamCountry "ROU"]

1. Nf3 Nf6 2. c4 e6 3. g3 d5 4. Bg2 Be7 5. d4 O-O 6. O-O dxc4 7. Qc2 a6 8. a4 Bd7 9. Qxc4 Bc6 10. Bf4 Bd6 11. Qc1 a5 12. Bd2 Nbd7 13. Nc3 Ne4 14. Be1 Ndf6 15. Qc2 Nxc3 16. bxc3 Be4 17. Qb2 Qd7 18. c4 c5 19. Ne5 Qc7 20. Bxe4 Nxe4 21. Nd3 Be7 22. Rb1 Ra7 23. f3 Nd6 24. dxc5 Nxc4 25. Qd4 Na3 26. Rc1 Bf6 27. Qe4 Rd8 28. Bc3 b5 29. Bxf6 gxf6 30. Qh4 Qe7 31. Rc3 b4 32. Nxb4 axb4 33. Qxb4 Rda8 34. Rxa3 Qc7 35. Rc1 Qc6 36. Rc4 Rb7 37. Qc3 Qd5 38. Rd4 Qe5 39. Kf2 Rc8 40. Rg4+ Kf8 41. c6 Rb6 42. Rc4 Qd6 43. c7 Rb7 44. Ra2 Rcxc7 45. Rxc7 Qxc7 46. Qxf6 Qc1 47. Qd8+ Kg7 48. Qd4+ e5 49. Ra1 Qc7 50. Qe3 Ra7 51. Rc1 Qe7 52. Rc4 h6 53. Rg4+ Kh7 54. Rh4 Ra6 55. Qd3+ Rg6 56. Rg4 h5 57. Rxg6 fxg6 58. Qe4 Qc5+ 59. Kg2 Kg7 60. Qb7+ Kf6 61. Qb5 Qc2 62. a5 e4 63. f4 Kg7 64. a6 e3 65. Kf3 Qc1 66. Qe5+ Kh7 67. Qe7+ Kh6 68. Qg5+ Kg7 69. Qe7+ Kh6 70. a7 Qf1+ 71. Kxe3 Qg1+ 72. Kd3 Qd1+ 73. Kc4 Qc2+ 74. Kd5 Qa2+ 75. Kd6 Qa6+ 76. Kd5 Qa2+ 77. Kd4 Qd2+ 78. Kc4 Qc2+ 79. Kb4 Qb2+ 80. Ka5 Qa2+ 81. Kb6 Qb3+ 82. Kc7 Qc4+ 83. Kd7 Qd5+ 84. Ke8 Qa8+ 85. Kf7 Qd5+ 86. Kf8 Qa8+ 87. Kf7 Qd5+ 88. Ke8 Qa8+ 89. Qd8 Qe4+ 90. Kf8 Qf5+ 91. Kg8 Qe6+ 92. Kh8 1-0

[Event "44th Chess Olympiad Women 2022"]
[Site "Chennai"]
[Date "2022.08.05"]
[Round "7.2"]
[White "Sandu, Mihaela"]
[Black "Batsiashvili, Nino"]
[Result "1/2-1/2"]
[WhiteElo "2297"]
[BlackElo "2466"]
[Annotator "TA"]
[PlyCount "49"]
[EventDate "2022.07.29"]
[EventType "team-tourn"]
[EventCountry "IND"]
[SourceTitle "playchess.com"]
[Source "ChessBase"]
[SourceQuality "1"]
[WhiteTeam "Romania"]
[BlackTeam "Georgia"]
[WhiteTeamCountry "ROU"]
[BlackTeamCountry "GEO"]

1. e4 c6 2. d4 d5 3. e5 Bf5 4. h4 h5 5. Bd3 Bxd3 6. Qxd3 e6 7. Bg5 Qb6 8. Nd2 Ne7 9. Ngf3 Nf5 10. O-O Qa6 11. c4 Bb4 12. b3 O-O 13. a3 Bxd2 14. Qxd2 dxc4 15. bxc4 Qxc4 16. Rfc1 Qd5 17. Rc5 Qd7 18. Bf6 Na6 19. Rc3 Nc7 20. Bxg7 Nxg7 21. Qh6 Nf5 22. Qg5+ Ng7 23. Qh6 Nf5 24. Qg5+ Ng7 25. Qh6 1/2-1/2

[Event "44th Chess Olympiad Women 2022"]
[Site "Chennai"]
[Date "2022.08.05"]
[Round "7.2"]
[White "Lehaci, Miruna-Daria"]
[Black "Arabidze, Meri"]
[Result "1/2-1/2"]
[WhiteElo "2193"]
[BlackElo "2426"]
[Annotator "TA"]
[PlyCount "107"]
[EventDate "2022.07.29"]
[EventType "team-tourn"]
[EventCountry "IND"]
[SourceTitle "playchess.com"]
[Source "ChessBase"]
[SourceQuality "1"]
[WhiteTeam "Romania"]
[BlackTeam "Georgia"]
[WhiteTeamCountry "ROU"]
[BlackTeamCountry "GEO"]

1. e4 e5 2. Nf3 Nc6 3. d4 exd4 4. Nxd4 Bc5 5. Nb3 Bb6 6. Nc3 Nf6 7. Bg5 h6 8. Bh4 d6 9. f3 Be6 10. Bb5 O-O 11. Bxc6 bxc6 12. Qe2 a5 13. Na4 Ba7 14. O-O-O Qb8 15. Nd4 Qb4 16. Nxe6 fxe6 17. b3 Nd7 18. Be1 Qb5 19. Nc3 Qxe2 20. Nxe2 a4 21. Nd4 Bxd4 22. Rxd4 axb3 23. axb3 Ra1+ 24. Kd2 c5 25. Rd3 Ne5 26. Rc3 Nc6 27. Rg1 Rfa8 28. h4 h5 29. Bf2 Rxg1 30. Bxg1 e5 31. Bf2 Kf7 32. g3 Ke6 33. Rc4 Nb4 34. Be1 Nc6 35. Bf2 Nb4 36. Be1 Nc6 37. Bf2 Rf8 38. Ke2 g6 39. Ra4 Kd7 40. c3 Rb8 41. Ra3 Nd8 42. Be3 Ne6 43. Kd3 Kc6 44. Ra6+ Kb7 45. Ra1 Kc6 46. Kc2 Kd7 47. Rf1 Ra8 48. Kb2 Re8 49. Bh6 Rh8 50. Bd2 Re8 51. Kc2 Ra8 52. Kb2 Re8 53. Kc2 Ra8 54. Kb2 1/2-1/2

[Event "44th Chess Olympiad Women 2022"]
[Site "Chennai"]
[Date "2022.08.05"]
[Round "7.3"]
[White "Muzychuk, Mariya"]
[Black "Roebers, Eline"]
[Result "1/2-1/2"]
[WhiteElo "2540"]
[BlackElo "2344"]
[Annotator "TA"]
[PlyCount "158"]
[EventDate "2022.07.29"]
[EventType "team-tourn"]
[EventCountry "IND"]
[SourceTitle "playchess.com"]
[Source "ChessBase"]
[SourceQuality "1"]
[WhiteTeam "Ukraine"]
[BlackTeam "Netherlands"]
[WhiteTeamCountry "UKR"]
[BlackTeamCountry "NED"]

1. e4 c5 2. c3 Nf6 3. e5 Nd5 4. Nf3 d6 5. d4 cxd4 6. cxd4 Nc6 7. Bc4 Nb6 8. Bb5 dxe5 9. Nxe5 Bd7 10. Nxd7 Qxd7 11. Nc3 e6 12. O-O Be7 13. Qg4 O-O 14. Rd1 Rfd8 15. Bh6 Bf6 16. Ne4 Qe7 17. Bxc6 bxc6 18. Rac1 Rac8 19. h4 Rd5 20. Bg5 Nd7 21. Rc3 Kh8 22. Nxf6 gxf6 23. Bh6 Rg8 24. Qxg8+ Kxg8 25. Rg3+ Rg5 26. hxg5 f5 27. Rc1 Qd6 28. Rgc3 Nb8 29. Rc4 f6 30. gxf6 Kf7 31. Bg7 f4 32. R1c3 Nd7 33. Ra4 a5 34. Rxa5 Qxd4 35. Rxc6 Ne5 36. Rc1 Nd3 37. Rf1 e5 38. Rb5 e4 39. Rb7+ Kg6 40. Bh8 e3 41. Rg7+ Kh6 42. f7 exf2+ 43. Kh2 Qc5 44. g4 Qe7 45. g5+ Kh5 46. Rxh7+ Kg4 47. Bd4 Kf3 48. Rh3+ Ke2 49. Rxd3 Kxd3 50. Rxf2 Qxf7 51. Bf6 Qh5+ 52. Kg2 Qg4+ 53. Kf1 Qh3+ 54. Kg1 f3 55. Bc3 Ke4 56. Bd2 Qe6 57. a4 Qa2 58. a5 Qa1+ 59. Kh2 Qxb2 60. Kg1 Qb8 61. Kf1 Qb1+ 62. Be1 Qb5+ 63. Kg1 Qxg5+ 64. Kf1 Qc1 65. Rh2 Qa1 66. Rf2 Qh8 67. Kg1 Kf4 68. Rh2 Qg8+ 69. Kf1 Qc4+ 70. Kg1 Ke3 71. Bd2+ Kd3 72. Be1 Qc7 73. Rf2 Qg3+ 74. Kf1 Qh3+ 75. Kg1 Ke4 76. Rh2 Qg4+ 77. Kf1 Kd3 78. Rf2 Ke3 79. Bd2+ Ke4 1/2-1/2

[Event "44th Chess Olympiad Women 2022"]
[Site "Chennai"]
[Date "2022.08.05"]
[Round "7.3"]
[White "Ushenina, Anna"]
[Black "Ratsma, Rosa"]
[Result "1-0"]
[WhiteElo "2423"]
[BlackElo "2226"]
[Annotator "TA"]
[PlyCount "85"]
[EventDate "2022.07.29"]
[EventType "team-tourn"]
[EventCountry "IND"]
[SourceTitle "playchess.com"]
[Source "ChessBase"]
[SourceQuality "1"]
[WhiteTeam "Ukraine"]
[BlackTeam "Netherlands"]
[WhiteTeamCountry "UKR"]
[BlackTeamCountry "NED"]

1. d4 Nf6 2. c4 e6 3. Nc3 Bb4 4. e3 O-O 5. Bd3 c5 6. Nge2 d5 7. cxd5 cxd4 8. exd4 Nxd5 9. O-O Nc6 10. Bc2 Be7 11. Ne4 b6 12. a3 Ba6 13. Re1 Rc8 14. N2c3 Nxc3 15. bxc3 Qd5 16. Re3 f5 17. Nd2 Nxd4 18. cxd4 Qxd4 19. Rb1 Bg5 20. Bb2 Qd8 21. Rg3 Rf7 22. Bb3 Qxd2 23. Bxe6 Qxd1+ 24. Rxd1 Bh6 25. Rd7 Bc4 26. Rc3 Re8 27. Bxf7+ Bxf7 28. Kf1 b5 29. g3 Bc4+ 30. Kg2 Re2 31. Bc1 Bxc1 32. Rxc1 a5 33. a4 Re8 34. axb5 Bxb5 35. Ra7 a4 36. Rcc7 g5 37. Rg7+ Kh8 38. Rxh7+ Kg8 39. Rhg7+ Kh8 40. Rxg5 Bc6+ 41. Kh3 Rf8 42. Kh4 f4 43. Ra6 1-0